Die Dynamik der europäischen Rechten
| Titel: | Die Dynamik der europäischen Rechten : Geschichte, Kontinuitäten und Wandel / Claudia Globisch ... (Hrsg.) |
|---|---|
| Beteiligt: | |
| Ausgabe: | 1. Auflage |
| Veröffentlicht: | Wiesbaden : VS, Verlag für Sozialwiss., 2011 |
| Umfang: | 317 Seiten : Illustrationen |
| Format: | Buch |
| Sprache: | Deutsch |
| RVK-Notation: |
·
·
|
| ISBN: | 9783531171913 |
| Hinweise zum Inhalt: |
Inhaltsverzeichnis
|
alg: 22973423 001A $06000:16-12-10 001B $01999:01-08-24 $t11:48:42.000 001D $00026:07-02-11 001U $0utf8 001X $00 002@ $0Aau 002C $aText $btxt $2rdacontent 002D $aohne Hilfsmittel zu benutzen $bn $2rdamedia 002E $aBand $bnc $2rdacarrier 003@ $0229734235 003O $0692269838 $aOCoLC 004A $A978-3-531-17191-3 $fkart. : EUR 39.95 004K $09783531171913 006G $0998737976 006H $0TOCIMA1148 $2DNB 006H $0TOCIMA1050 $2DNB 006T $009,N52,0476 006U $010,A50 $f20091201 007A $0998737976 $aDNB 007T $0Herdc0073613m 009P $qapplication/pdf $A2 $3Inhaltsverzeichnis $uhttp://d-nb.info/998737976/04 $mB:DE-101 010@ $ager 011@ $a2011 $n2011 017A $asf 021A $aDie @Dynamik der europäischen Rechten $dGeschichte, Kontinuitäten und Wandel $hClaudia Globisch ... (Hrsg.) 028C $BHerausgeber $4edt $7142966444 $8Globisch, Claudia$Z1977- [Tp3] $922919365X 032@ $a1. Auflage 033A $pWiesbaden $nVS, Verlag für Sozialwiss. 034D $a317 Seiten 034M $aIllustrationen 037A $aLiteraturangaben 039U $aRezensiert in $8--Aox--Falter, Matthias. Extrem vielfältige Rechte, 2011 $9394930258 044K $qDNB $#Abendland $#Okzident $74015701-5 $8Europa [Tgz] $908503617X 044K $qDNB $RRadikalismus $RFaschismus $RNeue Rechte $RRechtsradikaler $#Right-wing extremists $#Extrême droite $#Neonazismus $#Rechtsradikalismus $#Neonazismus $#Rechtsextremismus $74048829-9 $8Rechtsradikalismus [Ts1] $9085136093 045E $c320 045F $a320.533094 $eDDC22ger 045F/01 $a320.533 045F/03 $g4 045Z $8MF 3380 [Tkv] $9410450081 045Z $8MS 4710 [Tkv] $9410834335 045Z $8MG 10380 [Tkv] $9410452092 046X $aArchivierung/Langzeitarchivierung gewährleistet $5DE-43 $fPEHE lok: 22973423 8 exp: 22973423 8 1 #EPN 201B/01 $005-05-23 $t18:23:29.000 201C/01 $024-05-18 201U/01 $0utf8 203@/01 $0102244476X 208@/01 $a04-06-18 $bz 209A/01 $a/MG 10380 G562 $du $f001 $x00 209G/01 $a20034297 $x00 209G/01 $a6. Obergeschoss $x01 247C/01 $8611001-0 <17/1>Darmstadt, TU Darmstadt, Universitäts- und Landesbibliothek - Schloss $9102595887 lok: 22973423 11 exp: 22973423 11 1 #EPN 201B/01 $021-02-13 $t11:01:17.000 201C/01 $009-03-11 201U/01 $0utf8 203@/01 $0608357715 208@/01 $a18-03-11 $bz 209A/01 $a60 11 A 896 $du $f100 $x00 209B/01 $a003/1103 $x05 209B/01 $a004/1103 $x06 209C/01 $aP-11-320 209G/01 $a83008180 $x00 247C/01 $8620100-3 <43>Wiesbaden, Hochschul- und Landesbibliothek RheinMain, Rheinstraße $9102599572 lok: 22973423 21 exp: 22973423 21 1 #EPN 201B/01 $030-08-13 $t20:49:36.000 201C/01 $019-07-11 201U/01 $0utf8 203@/01 $062351687X 208@/01 $a02-11-11 $bz 209A/01 $a21 / MG 10380 G562 $du $f000 $hMG 10380 G562 $x00 209B/01 $a00021 $x05 209G/01 $a12077718 $x00 209G/01 $a1. OG $x01 247C/01 $8641000-5 <66/0>Fulda, Hochschul- und Landesbibliothek Fulda, Standort Campus $9102599580 lok: 22973423 23 exp: 22973423 23 1 #EPN 201B/01 $008-02-17 $t12:54:01.000 201C/01 $014-03-11 201U/01 $0utf8 203@/01 $060848346X 208@/01 $a11-04-11 $bz 209A/01 $a35 2011 A 601 $du $f030 $h2011 A 601 $x00 209G/01 $a26070490 $x00 209G/01 $aSonderstandort Magazin Oberzwehren $x01 247C/01 $8352030-4 <34/30>Kassel, UB Kassel, Standort Brüder-Grimm-Platz, Landesbibliothek und Murhardsche Bibliothek der Stadt Kassel $9102599475 lok: 22973423 78 exp: 22973423 78 1 #EPN 201B/01 $019-04-17 $t14:59:08.000 201U/01 $0utf8 203@/01 $0791933253 208@/01 $a12-11-16 $be 209A/01 $a/ $f000 $x00 220C/01 $aTitelaufnehmer: pg 220C/01 $aHerkunft: HI Marburg 244Z/01 $2Trx $#paremekstremism $#dešinysis ekstremizmas $#right wing extremism $#szélsőjobboldal $#ekstremizm prawicowy $#extrémizmus pravicový $#extremismus pravicový $8--Trx--Rechtsextremismus $x01 $9391366246 244Z/01 $2Trx $#dzieło zbiorowe $8--Trx--Sammelwerk $x02 $9391384597 244Z/01 $2Trx $8--Trx--elektronische Ressource $x03 $939138452X 247C/01 $82080>Marburg/Lahn, Herder-Institut, Forschungsbibliothek, Bibliographieportal $9336309341 lok: 22973423 204 exp: 22973423 204 1 #EPN 201B/01 $022-02-24 $t13:56:40.000 201C/01 $031-01-11 201U/01 $0utf8 203@/01 $0605333548 208@/01 $a07-02-11 $bzb03 209A/01 $a009 MG 10380 G562 $du $f030 $x00 209G/01 $a85141317 $x00 245S/01 $a04011g52a $x01 247C/01 $8631030-8 <26/030>Gießen, Universität Gießen, Zweigbibliothek im Philosophikum II $9116079460
| LEADER | 00000cam a2200000 c 4500 | ||
|---|---|---|---|
| 001 | 229734235 | ||
| 003 | DE-603 | ||
| 005 | 20240801114842.0 | ||
| 007 | tu | ||
| 008 | 101216s2011 xx |||| | u00||u|ger | ||
| 015 | |a 10,A50 |z 09,N52,0476 |2 dnb | ||
| 016 | 7 | |2 DE-101 |a 998737976 | |
| 020 | |a 9783531171913 |c kart. : EUR 39.95 | ||
| 024 | 3 | |a 9783531171913 | |
| 035 | |a (DE-599)DNB998737976 | ||
| 035 | |a (OCoLC)692269838 | ||
| 040 | |a DE-603 |b ger |c DE-603 |d DE-603 | ||
| 041 | |a ger | ||
| 082 | 0 | 4 | |8 1\u |a 320.533094 |q DE-101 |2 22/ger |
| 084 | |a 320 |q DE-101 |2 sdnb | ||
| 084 | |a MF 3380 |0 (DE-625)122708: |0 (DE-603)410450081 |2 rvk | ||
| 084 | |a MS 4710 |0 (DE-625)123709: |0 (DE-603)410834335 |2 rvk | ||
| 084 | |a MG 10380 |0 (DE-625)122815:12126 |0 (DE-603)410452092 |2 rvk | ||
| 085 | |8 1\u |b 320.533 | ||
| 085 | |8 1\u |z 2 |s 4 | ||
| 090 | |a b | ||
| 245 | 0 | 0 | |a Die Dynamik der europäischen Rechten |b Geschichte, Kontinuitäten und Wandel |c Claudia Globisch ... (Hrsg.) |
| 250 | |a 1. Auflage | ||
| 264 | 1 | |a Wiesbaden |b VS, Verlag für Sozialwiss. |c 2011 | |
| 300 | |a 317 Seiten |b Illustrationen | ||
| 336 | |a Text |b txt |2 rdacontent | ||
| 337 | |a ohne Hilfsmittel zu benutzen |b n |2 rdamedia | ||
| 338 | |a Band |b nc |2 rdacarrier | ||
| 500 | |a Literaturangaben | ||
| 650 | 7 | |a Rechtsradikalismus |0 (DE-588)4048829-9 |0 (DE-603)085136093 |2 gnd | |
| 651 | 7 | |a Europa |0 (DE-588)4015701-5 |0 (DE-603)08503617X |2 gnd | |
| 700 | 1 | |a Globisch, Claudia |d 1977- |e Herausgeber |4 edt |0 (DE-603)22919365X |0 (DE-588)142966444 |2 gnd | |
| 787 | 0 | 8 | |i Rezensiert in |a Falter, Matthias |t Extrem vielfältige Rechte |w (DE-603)394930258 |
| 856 | 4 | 2 | |m B:DE-101 |q application/pdf |u http://d-nb.info/998737976/04 |3 Inhaltsverzeichnis |
| 924 | 0 | |9 17/1 |a (DE-603)102244476X |b DE-17-1 |c HES |d b |g /MG 10380 G562 |h 6. Obergeschoss | |
| 924 | 0 | |9 43 |a (DE-603)608357715 |b DE-43 |c HES |d c |g 60 11 A 896 | |
| 924 | 0 | |9 66/0 |a (DE-603)62351687X |b DE-66-0 |c HES |d c |g 21 / MG 10380 G562 |h 1. OG | |
| 924 | 0 | |9 34/30 |a (DE-603)60848346X |b DE-34-30 |c HES |d c |g 35 2011 A 601 |h Sonderstandort Magazin Oberzwehren | |
| 924 | 0 | |9 2080 |a (DE-603)791933253 |b DE-2080 |c HES |d d |g / | |
| 924 | 0 | |9 26/030 |a (DE-603)605333548 |b DE-26-030 |c HES |d c |g 009 MG 10380 G562 | |


